|
|
|
|
| LEADER |
01566nam a2200289 a 4500 |
| 001 |
00024994 |
| 008 |
120415s1991 cau 000 0 eng |
| 020 |
|
|
|a 9780582077850
|
| 040 |
|
|
|a BD-DhAAL
|c BD-DhAAL
|
| 050 |
0 |
0 |
|a PR5363
|b .A88 1991
|
| 082 |
0 |
0 |
|a 822/.912
|2 20
|
| 100 |
1 |
|
|a Shaw, Bernard,
|d 1856-1950.
|
| 245 |
1 |
0 |
|a Arms and the man /
|c by Bernard Shaw ;editor, Ian Wilson.
|
| 260 |
|
|
|a Harlow :
|b Longman,
|c 1991
|
| 300 |
|
|
|a xiv, 107 p. ;
|c 21 cm.
|
| 490 |
0 |
|
|a Longman literature.
|
| 541 |
|
|
|e 00024994
|
| 700 |
1 |
|
|a Wilson, Ian
|
| 650 |
|
0 |
|a English drama
|
| 650 |
|
0 |
|a Shaw, George Bernard, 1856-1950. -- Arms and the man.
|
| 852 |
1 |
|
|a Ayesha Abed Library
|c General shelf.
|
| 942 |
0 |
0 |
|0 5
|
| 999 |
|
|
|c 12080
|d 12080
|
| 952 |
|
|
|0 0
|1 0
|2 ddc
|4 0
|6 822_912000000000000_SHA
|7 0
|9 20036
|a BRACUL
|b BRACUL
|c GEN
|d 2012-04-11
|e karim International
|g 280.00
|l 23
|m 127
|o 822.912 SHA
|p 3010024994
|r 2022-04-05
|s 2020-01-13
|t 1
|w 2012-04-15
|y BK
|
| 952 |
|
|
|0 0
|1 0
|2 ddc
|4 0
|6 822_912000000000000_SHA
|7 0
|9 20037
|a BRACUL
|b BRACUL
|c GEN
|d 2012-04-11
|e karim International
|g 280.00
|l 26
|m 128
|o 822.912 SHA
|p 3010024995
|q 2026-06-02
|r 2026-05-18
|s 2026-05-18
|t 2
|w 2012-04-15
|y BK
|
| 952 |
|
|
|0 0
|1 4
|2 ddc
|4 0
|6 822_912000000000000_SHA
|7 0
|9 20038
|a BRACUL
|b BRACUL
|c GEN
|d 2012-04-11
|e karim International
|g 280.00
|l 14
|m 59
|o 822.912 SHA
|p 3010024996
|r 2017-04-15
|s 2017-01-09
|t 3
|w 2012-04-15
|y BK
|x Koha Inventory 2020
|
| 952 |
|
|
|0 0
|1 0
|2 ddc
|4 0
|6 822_912000000000000_SHA
|7 0
|9 20039
|a BRACUL
|b BRACUL
|c GEN
|d 2012-04-11
|e karim International
|g 280.00
|l 19
|m 90
|o 822.912 SHA
|p 3010024997
|q 2026-06-02
|r 2026-02-18
|s 2026-02-18
|t 4
|w 2012-04-15
|y BK
|